000 00766nam a22002657a 4500
001 121713
003 UA-OsUOA
005 20220424201903.0
007 ta
008 20170327b un ||||| |||| 00| 0 ukr d
040 _aUA-OsUOA
_brus
_cUA-OsUOA
_dUA-OsUOA
041 _arus
080 _a821.161.1
090 _a821.161.1
_bГ71
100 _aГорький М.
245 _aСобрание сочинений в 30 томах
260 _aМ.
_bГИХЛ
_c1949
300 _a512 с.
505 _gТ. 1
_tПовести, рассказы, стихи. 1892–1894
591 _aДімаров А.
650 7 _a821 Художня література
_2UDC
942 _cBK
_2udc
955 _a3
999 _c408140
_d408140